00446nam a2200157 a 450000100060000000300090000600800410001502000150005604000280007108200160009910000200011524500680013526000330020330000110023665000410024715417CO-ViMGA141112s2004 ck r 000 u spa d a9580204713 aCO-ViMGAbspacCO-ViMGA04a822.33 O7361 aOrdoñe, Edgar10aAnálisis Literario de Romeo y Julieta : bWilliam Shakespeare aBogotá, cVoluntad, c1991 a144.p.14aANALISIS LITERARIO - ROMEO Y JULIETA